[Event "Politiken Cup 2008"]
[Site "Helsingør DEN"]
[Date "2008.07.22"]
[Round "6.70"]
[White "Svane, Rasmus"]
[Black "Nielsen, Torkil"]
[Result "1/2-1/2"]
[WhiteElo "1934"]
[BlackElo "2118"]
[PlyCount "49"]
[EventDate "2008.07.20"]
[EventType "swiss"]
[EventRounds "9"]
[EventCountry "DEN"]
[Source "lmi"]
[SourceDate "2008.07.20"]
[WhiteTeam "Lubecker Schachverein 1873"]
[BlackTeam "Sandavags Talvfelag"]

1. e4 e5 2. Nf3 Nc6 3. Bb5 a6 4. Ba4 Nf6 5. O-O Nxe4 6. d4 b5 7. Bb3 d5 8. dxe5
Be6 9. Nbd2 Be7 10. Nxe4 dxe4 11. Qxd8+ Rxd8 12. Ng5 Bxg5 13. Bxg5 Rd7 14. Bxe6
fxe6 15. Rfe1 h6 16. Bf4 O-O 17. Rxe4 Nd4 18. Kf1 Nxc2 19. Rc1 Nd4 20. Be3 Nf5
21. Rc6 Nxe3+ 22. Rxe3 Rd2 23. Re2 Rd1+ 24. Re1 Rd2 25. Re2 1/2-1/2

[Event "Politiken Cup 2008"]
[Site "Helsingør DEN"]
[Date "2008.07.22"]
[Round "6.71"]
[White "Nielsen, Borge Hjerrild"]
[Black "Joensen, Jogvan"]
[Result "1/2-1/2"]
[WhiteElo "2116"]
[BlackElo "1904"]
[PlyCount "36"]
[EventDate "2008.07.20"]
[EventType "swiss"]
[EventRounds "9"]
[EventCountry "DEN"]
[Source "lmi"]
[SourceDate "2008.07.20"]
[WhiteTeam "Hvidovre"]
[BlackTeam "Havnar Telvingarfelag"]

1. d4 Nf6 2. c4 c5 3. d5 b5 4. cxb5 a6 5. bxa6 Bxa6 6. Nc3 g6 7. e4 Bxf1 8.
Kxf1 d6 9. g3 Bg7 10. Kg2 O-O 11. Nf3 Nbd7 12. Re1 Ng4 13. Qe2 Qa5 14. Bd2 Rfb8
15. Reb1 Qa6 16. Qxa6 Rxa6 17. a4 Rb4 18. a5 Nge5 1/2-1/2

[Event "Politiken Cup 2008"]
[Site "Helsingør DEN"]
[Date "2008.07.22"]
[Round "6.72"]
[White "Jensen, Niels Christian"]
[Black "Haubro, Sigfred"]
[Result "1/2-1/2"]
[WhiteElo "1903"]
[BlackElo "2114"]
[PlyCount "79"]
[EventDate "2008.07.20"]
[EventType "swiss"]
[EventRounds "9"]
[EventCountry "DEN"]
[Source "lmi"]
[SourceDate "2008.07.20"]
[WhiteTeam "AS04"]
[BlackTeam "BMS"]

1. d4 d5 2. c4 e6 3. Nc3 f5 4. Nf3 Be7 5. Bf4 c6 6. e3 Nf6 7. Bd3 O-O 8. Qc2
Ne4 9. g4 Kh8 10. a3 a5 11. O-O Bd6 12. Ne5 Nxc3 13. bxc3 g5 14. Bg3 f4 15.
Bxh7 Bxe5 16. dxe5 Qe7 17. Bg6 Nd7 18. exf4 gxf4 19. Rae1 b6 20. f3 fxg3 21.
hxg3 Kg7 22. Kg2 Ba6 23. Rh1 Rh8 24. Bh5 Nc5 25. Qg6+ Kf8 26. cxd5 cxd5 27.
Qf6+ Qxf6 28. exf6 Bd3 29. Bg6 Rxh1 30. Rxh1 Bxg6 31. Rh8+ Kf7 32. Rxa8 Kxf6
33. Rb8 Na4 34. Rc8 Bd3 35. f4 Bc4 36. Rc6 Bb5 37. Rc7 Be2 38. g5+ Kg6 39. Kh3
Bc4 40. Re7 1/2-1/2

[Event "Politiken Cup 2008"]
[Site "Helsingør DEN"]
[Date "2008.07.22"]
[Round "6.73"]
[White "Kragh, Niels Kristian"]
[Black "Fjellengen, Baard"]
[Result "1-0"]
[WhiteElo "2112"]
[BlackElo "1900"]
[PlyCount "57"]
[EventDate "2008.07.20"]
[EventType "swiss"]
[EventRounds "9"]
[EventCountry "DEN"]
[Source "lmi"]
[SourceDate "2008.07.20"]
[WhiteTeam "K41"]
[BlackTeam "Sarpsborg"]

1. e4 c6 2. d4 d5 3. e5 Bf5 4. Nf3 e6 5. Be2 c5 6. O-O Nc6 7. Be3 Qb6 8. Nc3
Qxb2 9. Nb5 O-O-O 10. dxc5 Qxc2 11. Qe1 Bd3 12. Bxd3 Qxd3 13. Nd6+ Bxd6 14.
cxd6 Kb8 15. Rc1 Qa6 16. Qc3 f6 17. Nd4 fxe5 18. Nxc6+ bxc6 19. Qxe5 Nf6 20.
Qxe6 Rd7 21. Qf5 Ka8 22. Bf4 Rc8 23. Rfe1 c5 24. Re7 Qc6 25. Rce1 Rxe7 26. dxe7
Re8 27. Re6 Qb7 28. h3 Rxe7 29. Rxe7 1-0

[Event "Politiken Cup 2008"]
[Site "Helsingør DEN"]
[Date "2008.07.22"]
[Round "6.74"]
[White "Arvola, Benjamin"]
[Black "Nielsen, Palle"]
[Result "1-0"]
[WhiteElo "2105"]
[BlackElo "1864"]
[PlyCount "47"]
[EventDate "2008.07.20"]
[EventType "swiss"]
[EventRounds "9"]
[EventCountry "DEN"]
[Source "lmi"]
[SourceDate "2008.07.20"]
[WhiteTeam "Tromsø"]
[BlackTeam "Ålsgårde"]

1. e4 c5 2. Nf3 d6 3. d4 cxd4 4. Nxd4 Bd7 5. Nc3 Nf6 6. Be3 Nc6 7. f3 a6 8. Qd2
Rc8 9. g4 g6 10. h4 e5 11. Nxc6 Bxc6 12. O-O-O h5 13. g5 Nd7 14. Bh3 Be7 15. f4
Rc7 16. f5 gxf5 17. Bxf5 Nf8 18. Bb6 Ng6 19. Bxg6 fxg6 20. Rhf1 Qc8 21. Bxc7
Qxc7 22. Nd5 Qd7 23. Nf6+ Bxf6 24. Rxf6 1-0

[Event "Politiken Cup 2008"]
[Site "Helsingør DEN"]
[Date "2008.07.22"]
[Round "6.75"]
[White "Jensen, Michael Agermose"]
[Black "Bandke, Martin"]
[Result "0-1"]
[WhiteElo "2096"]
[BlackElo "1835"]
[PlyCount "60"]
[EventDate "2008.07.20"]
[EventType "swiss"]
[EventRounds "9"]
[EventCountry "DEN"]
[Source "lmi"]
[SourceDate "2008.07.20"]
[WhiteTeam "FREM"]
[BlackTeam "SC Leinfelden"]

1. e4 e5 2. f4 exf4 3. Nf3 d5 4. exd5 Nf6 5. Bc4 Bd6 6. Qe2+ Qe7 7. Qxe7+ Kxe7
8. d4 Re8 9. O-O Kf8 10. Ne5 Nbd7 11. Nxd7+ Bxd7 12. Bxf4 Re4 13. Bxd6+ cxd6
14. c3 b5 15. Bb3 Re2 16. Na3 Rxb2 17. c4 b4 18. Nc2 a5 19. Ne1 Rc8 20. c5 Bb5
21. Rxf6 gxf6 22. c6 a4 23. Bd1 Bc4 24. Bxa4 Bxd5 25. Nd3 Rxg2+ 26. Kf1 Rxh2
27. Rd1 Rh1+ 28. Kf2 Rxd1 29. Bxd1 Rxc6 30. Nxb4 Rc1 0-1

[Event "Politiken Cup 2008"]
[Site "Helsingør DEN"]
[Date "2008.07.22"]
[Round "6.76"]
[White "Lund, Per"]
[Black "Hansen, Pal Andreas"]
[Result "1/2-1/2"]
[WhiteElo "1878"]
[BlackElo "2069"]
[PlyCount "24"]
[EventDate "2008.07.20"]
[EventType "swiss"]
[EventRounds "9"]
[EventCountry "DEN"]
[Source "lmi"]
[SourceDate "2008.07.20"]
[WhiteTeam "Frederiksund"]
[BlackTeam "Verdal"]

1. e4 c5 2. Nf3 a6 3. c4 Nc6 4. Be2 g6 5. Nc3 Bg7 6. O-O d6 7. a3 Nf6 8. d4
cxd4 9. Nxd4 O-O 10. Be3 Bd7 11. f3 Rc8 12. Rc1 Nxd4 1/2-1/2

[Event "Politiken Cup 2008"]
[Site "Helsingør DEN"]
[Date "2008.07.22"]
[Round "6.77"]
[White "Mangelschots, Peter"]
[Black "Nielsen, Rogvi Egilstoft"]
[Result "1-0"]
[WhiteElo "2069"]
[BlackElo "1864"]
[PlyCount "37"]
[EventDate "2008.07.20"]
[EventType "swiss"]
[EventRounds "9"]
[EventCountry "DEN"]
[Source "lmi"]
[SourceDate "2008.07.20"]
[WhiteTeam "TSM Schaakclub"]

1. e4 e5 2. Nf3 Nc6 3. Bc4 Nf6 4. d4 exd4 5. e5 Ne4 6. O-O d5 7. Bb5 Bg4 8. h3
Bxf3 9. Qxf3 Bc5 10. Nd2 Ng5 11. Qg4 h5 12. Qg3 Bb6 13. f4 Ne4 14. Qxg7 Rf8 15.
f5 Qh4 16. Nxe4 dxe4 17. Bg5 Qg3 18. Qf6 Kd7 19. Qe7+ 1-0

[Event "Politiken Cup 2008"]
[Site "Helsingør DEN"]
[Date "2008.07.22"]
[Round "6.78"]
[White "Rolvaag, Birk Anders"]
[Black "Doran, Chris"]
[Result "1-0"]
[WhiteElo "1829"]
[BlackElo "2060"]
[PlyCount "81"]
[EventDate "2008.07.20"]
[EventType "swiss"]
[EventRounds "9"]
[EventCountry "DEN"]
[Source "lmi"]
[SourceDate "2008.07.20"]
[WhiteTeam "Narvik"]
[BlackTeam "Chester"]

1. e4 c5 2. Nc3 Nc6 3. g3 g6 4. d3 Bg7 5. Be3 d6 6. Qd2 e6 7. Bg2 Qa5 8. Nge2
Nd4 9. Rc1 Ne7 10. a3 Nxe2 11. Kxe2 Nc6 12. Rhe1 Nd4+ 13. Kf1 Bd7 14. Bh6 O-O
15. Bxg7 Kxg7 16. Nb1 Qb6 17. Qc3 e5 18. Nd2 Be6 19. Nf3 Rac8 20. Rb1 h6 21.
Qd2 Ba2 22. Ra1 Qxb2 23. c3 Nc2 24. Rec1 Bb3 25. Rcb1 Qxa1 26. Rxa1 Nxa1 27.
Qb2 c4 28. Qxa1 cxd3 29. Qb2 Bc2 30. Ne1 Rc6 31. Nxc2 dxc2 32. Bh3 Re8 33. Bd7
Rb6 34. Qxc2 Rd8 35. Ba4 d5 36. exd5 Rxd5 37. Qe4 Rbd6 38. Bb3 Rd2 39. Qxb7 Rf6
40. Qxa7 Rb2 41. Bd5 1-0

[Event "Politiken Cup 2008"]
[Site "Helsingør DEN"]
[Date "2008.07.22"]
[Round "6.79"]
[White "Preuss, Flemming"]
[Black "Hjornevik, Asbjorn"]
[Result "1-0"]
[WhiteElo "2059"]
[BlackElo "1000"]
[PlyCount "75"]
[EventDate "2008.07.20"]
[EventType "swiss"]
[EventRounds "9"]
[EventCountry "DEN"]
[Source "lmi"]
[SourceDate "2008.07.20"]
[WhiteTeam "Næstved"]
[BlackTeam "Sandness"]

1. e4 e6 2. d4 d5 3. e5 c5 4. c3 Nc6 5. Nf3 Qb6 6. Bd3 Bd7 7. O-O cxd4 8. cxd4
Nxd4 9. Nbd2 Nxf3+ 10. Nxf3 f6 11. Re1 Bc5 12. Qe2 Bd4 13. Nxd4 Qxd4 14. Qh5+
Ke7 15. Bxh7 Be8 16. Qh3 fxe5 17. Qa3+ Kd7 18. Bxg8 Rxg8 19. Be3 Qh4 20. Rac1
Bg6 21. Bxa7 Rh8 22. h3 Rhc8 23. Qa5 Ke7 24. Rxc8 Rxc8 25. Bc5+ Kf7 26. Qb5 Kg8
27. Rxe5 Bf7 28. b4 Qf4 29. Re1 Qd2 30. Qe2 Qg5 31. a4 Rc6 32. a5 Qd8 33. Qe5
Qf6 34. Qb8+ Kh7 35. Qxb7 Qc3 36. Re3 Qa1+ 37. Kh2 Qa4 38. Qxf7 1-0

[Event "Politiken Cup 2008"]
[Site "Helsingør DEN"]
[Date "2008.07.22"]
[Round "6.80"]
[White "Wimo, Jorgen"]
[Black "Carnstam, Tomas"]
[Result "0-1"]
[WhiteElo "1809"]
[BlackElo "2046"]
[PlyCount "72"]
[EventDate "2008.07.20"]
[EventType "swiss"]
[EventRounds "9"]
[EventCountry "DEN"]
[Source "lmi"]
[SourceDate "2008.07.20"]
[WhiteTeam "Ålsgårde"]
[BlackTeam "LASK"]

1. e4 c5 2. Nf3 Nc6 3. d4 cxd4 4. Nxd4 e5 5. Nb3 Bb4+ 6. Bd2 Be7 7. Nc3 Nf6 8.
f3 d5 9. exd5 Nxd5 10. Nxd5 Qxd5 11. Bc3 Be6 12. Qe2 O-O-O 13. Rd1 Qxd1+ 14.
Qxd1 Rxd1+ 15. Kxd1 Rd8+ 16. Bd3 Nb4 17. Bxb4 Bxb4 18. Ke2 f5 19. c3 Be7 20. h3
h5 21. Nd2 Bg5 22. Rd1 g6 23. b3 h4 24. Bc4 Rxd2+ 25. Rxd2 Bxc4+ 26. bxc4 Bxd2
27. Kxd2 Kc7 28. Kd3 Kd6 29. Ke3 Kc5 30. Kd3 a5 31. a4 b6 32. Kc2 Kxc4 33. Kb2
e4 34. fxe4 fxe4 35. Kc2 e3 36. Kd1 Kd3 0-1

[Event "Politiken Cup 2008"]
[Site "Helsingør DEN"]
[Date "2008.07.22"]
[Round "6.81"]
[White "Christensen, Esben"]
[Black "Frisvold, Ole Emil"]
[Result "1-0"]
[WhiteElo "2041"]
[BlackElo "1284"]
[PlyCount "103"]
[EventDate "2008.07.20"]
[EventType "swiss"]
[EventRounds "9"]
[EventCountry "DEN"]
[Source "lmi"]
[SourceDate "2008.07.20"]
[WhiteTeam "Brønshøj"]
[BlackTeam "Bergens"]

1. e4 c5 2. Nf3 Nc6 3. d4 cxd4 4. Nxd4 Nf6 5. Nc3 e5 6. Ndb5 d6 7. a4 a6 8. Na3
Be6 9. Bg5 Be7 10. Bxf6 Bxf6 11. Bc4 Ne7 12. O-O Rc8 13. Bd5 Qd7 14. Qd3 Bxd5
15. Nxd5 Nxd5 16. Qxd5 Qc6 17. Rfd1 Be7 18. b3 O-O 19. a5 Qxd5 20. Rxd5 Rc6 21.
Nc4 Rfc8 22. f3 Rc5 23. Rd3 g6 24. Rad1 R8c6 25. g3 f6 26. Kg2 Kg7 27. Kh3 Kh6
28. Kg4 Kg7 29. f4 exf4 30. gxf4 f5+ 31. exf5 Rxf5 32. R1d2 h5+ 33. Kg3 Rcc5
34. Nxd6 h4+ 35. Kg4 Bxd6 36. Rxd6 Rxa5 37. Rd7+ Kh6 38. Rxb7 Ra1 39. Rb4 Rg1+
40. Kf3 Rf1+ 41. Rf2 Rxf2+ 42. Kxf2 Kh5 43. h3 a5 44. Re4 g5 45. Kf3 gxf4 46.
Rxf4 Rg5 47. Rg4 Rc5 48. c4 Rf5+ 49. Rf4 Rg5 50. Ke4 a4 51. bxa4 Kh6 52. Rxh4+
1-0

[Event "Politiken Cup 2008"]
[Site "Helsingør DEN"]
[Date "2008.07.22"]
[Round "6.82"]
[White "Ramme, Christoph"]
[Black "Moe, Pål"]
[Result "1-0"]
[WhiteElo "2041"]
[BlackElo "1431"]
[PlyCount "65"]
[EventDate "2008.07.20"]
[EventType "swiss"]
[EventRounds "9"]
[EventCountry "DEN"]
[Source "lmi"]
[SourceDate "2008.07.20"]
[WhiteTeam "SK Marmsdorf"]
[BlackTeam "OSS"]

1. d4 Nf6 2. c4 g6 3. Nc3 d5 4. Bf4 c6 5. e3 Bg7 6. h3 O-O 7. Nf3 Nbd7 8. cxd5
Nxd5 9. Nxd5 cxd5 10. Qd2 Nf6 11. Bd3 Ne4 12. Qb4 Bf5 13. O-O b6 14. Ba6 Bc8
15. Bb5 Bd7 16. Rac1 e6 17. Rc2 Re8 18. Rfc1 Bf8 19. Qa4 Bxb5 20. Qxb5 Bd6 21.
Bxd6 Nxd6 22. Qa4 Qf6 23. Rc7 Re7 24. R7c6 b5 25. Qa6 Nc4 26. b3 Nb6 27. Rxb6
Ree8 28. Rxb5 Qf5 29. Rbc5 h5 30. Rc7 Kg7 31. Ne5 Rf8 32. Rd7 Kh6 33. Qd3 1-0

[Event "Politiken Cup 2008"]
[Site "Helsingør DEN"]
[Date "2008.07.22"]
[Round "6.83"]
[White "Hansen, Herborg"]
[Black "Abrahamsson, Daniel"]
[Result "0-1"]
[WhiteElo "1751"]
[BlackElo "2040"]
[PlyCount "64"]
[EventDate "2008.07.20"]
[EventType "swiss"]
[EventRounds "9"]
[EventCountry "DEN"]
[Source "lmi"]
[SourceDate "2008.07.20"]
[WhiteTeam "Klaksvikar"]
[BlackTeam "Limhamns SK"]

1. e4 c5 2. Nf3 Nc6 3. d4 cxd4 4. Nxd4 Nf6 5. Nc3 e5 6. Ndb5 d6 7. Bg5 a6 8.
Na3 b5 9. Nd5 Be7 10. Bxf6 Bxf6 11. c3 O-O 12. Be2 Bg5 13. O-O Ne7 14. Nc2 Nxd5
15. Qxd5 Be6 16. Qc6 Qb8 17. Nb4 Rc8 18. Nxa6 Rxc6 19. Nxb8 Rxb8 20. Rfd1 b4
21. cxb4 Rxb4 22. b3 h6 23. Rdb1 Bd2 24. a4 Rxb3 25. Rxb3 Bxb3 26. Bb5 Rc5 27.
g3 d5 28. Rb1 Bc2 29. Rb2 d4 30. Kf1 Ba5 31. Ke2 Bxe4 32. f3 Rc2+ 0-1

[Event "Politiken Cup 2008"]
[Site "Helsingør DEN"]
[Date "2008.07.22"]
[Round "6.84"]
[White "Overeem, Marc"]
[Black "Sørensen, Svend Erik Forby"]
[Result "1-0"]
[WhiteElo "2288"]
[BlackElo "1911"]
[PlyCount "79"]
[EventDate "2008.07.20"]
[EventType "swiss"]
[EventRounds "9"]
[EventCountry "DEN"]
[Source "lmi"]
[SourceDate "2008.07.20"]
[WhiteTeam "Max Euwe"]
[BlackTeam "Ålgårde"]

1. c4 Nf6 2. Nc3 e5 3. Nf3 Nc6 4. g3 Bc5 5. Bg2 O-O 6. O-O d6 7. d3 h6 8. a3 a5
9. e3 Bg4 10. h3 Bd7 11. d4 Ba7 12. b3 exd4 13. exd4 Ne7 14. Bf4 Ng6 15. Be3 c6
16. Qd2 Re8 17. b4 Be6 18. Qd3 Qd7 19. Kh2 Bf5 20. Qd2 Be6 21. d5 Bf5 22. Bxa7
Rxa7 23. dxc6 bxc6 24. Nd4 Be4 25. Nxe4 Nxe4 26. Qc2 d5 27. Rae1 axb4 28. axb4
Nf6 29. Rxe8+ Qxe8 30. b5 cxb5 31. cxb5 Ne5 32. Rc1 Rb7 33. Qf5 Rb8 34. Nc6
Nxc6 35. bxc6 Rc8 36. c7 Qe6 37. Qf4 g5 38. Qa4 Qe7 39. Qa6 Qe6 40. Rc6 1-0

[Event "Politiken Cup 2008"]
[Site "Helsingør DEN"]
[Date "2008.07.22"]
[Round "6.85"]
[White "Nord, Michael"]
[Black "Schou-Moldt, Thomas"]
[Result "1/2-1/2"]
[WhiteElo "1889"]
[BlackElo "2136"]
[PlyCount "112"]
[EventDate "2008.07.20"]
[EventType "swiss"]
[EventRounds "9"]
[EventCountry "DEN"]
[Source "lmi"]
[SourceDate "2008.07.20"]
[WhiteTeam "Tårnet Svendborg"]
[BlackTeam "Allerød"]

1. e4 e5 2. Nf3 d6 3. d4 exd4 4. Nxd4 Nf6 5. Nc3 Nc6 6. Bb5 Bd7 7. Be3 Nxd4 8.
Bxd7+ Nxd7 9. Qxd4 Nc5 10. O-O-O Ne6 11. Qd2 c6 12. f4 Qa5 13. f5 Nc5 14. Kb1
O-O-O 15. Rhf1 Rd7 16. a3 Na6 17. Qd4 b5 18. e5 b4 19. axb4 Qxb4 20. e6 Rb7 21.
Qxb4 Nxb4 22. Ne4 Nd5 23. Bg5 h6 24. c4 Nb6 25. e7 Bxe7 26. Bxe7 Rxe7 27. Nxd6+
Kc7 28. f6 Rd7 29. fxg7 Rg8 30. c5 Na4 31. Rde1 Nxc5 32. Ne8+ Kd8 33. Nf6 Rxg7
34. Re8+ Kc7 35. Ra8 Rd2 36. Ne8+ Kb7 37. Rxa7+ Kxa7 38. Nxg7 Rxg2 39. Rxf7+
Kb6 40. h4 Nd3 41. Nf5 Rxb2+ 42. Ka1 Rb4 43. h5 Rb5 44. Rf6 Nb4 45. Nxh6 Rxh5
46. Nf7 Kb5 47. Rf5+ Rxf5 48. Nd6+ Kc5 49. Nxf5 Kc4 50. Kb2 Kd3 51. Nd6 c5 52.
Kc1 Nc6 53. Kd1 Na5 54. Kc1 Kd4 55. Kc2 Nc4 56. Nb5+ Kd5 1/2-1/2

[Event "Politiken Cup 2008"]
[Site "Helsingør DEN"]
[Date "2008.07.22"]
[Round "6.87"]
[White "Palvig, David Kinch"]
[Black "Brondum, Eric"]
[Result "0-1"]
[WhiteElo "1868"]
[BlackElo "2126"]
[PlyCount "92"]
[EventDate "2008.07.20"]
[EventType "swiss"]
[EventRounds "9"]
[EventCountry "DEN"]
[Source "lmi"]
[SourceDate "2008.07.20"]
[WhiteTeam "Hillerød"]
[BlackTeam "K41"]

1. d4 b6 2. Bf4 Bb7 3. Nf3 Nf6 4. e3 g6 5. Nbd2 Bg7 6. c3 O-O 7. h3 d6 8. Bd3
Nbd7 9. O-O Qe8 10. e4 e5 11. dxe5 Nxe5 12. Nxe5 dxe5 13. Be3 Rd8 14. Qe2 Qe7
15. Rad1 h6 16. Bc2 Nh5 17. Nf3 Nf4 18. Qc4 c5 19. Kh2 Bc8 20. Rxd8 Rxd8 21.
Rd1 Rxd1 22. Bxd1 Be6 23. Qa4 Qd7 24. Bxf4 exf4 25. Qxd7 Bxd7 26. Bb3 g5 27.
Bd5 Kf8 28. Ne1 Be5 29. Nd3 Bc7 30. f3 Ke7 31. b3 f6 32. a4 Be5 33. Nxe5 fxe5
34. g4 b5 35. axb5 Bxb5 36. Kg2 Be2 37. Kf2 Bd1 38. Bc4 Kd6 39. Bd5 Kc7 40. Bg8
Kb6 41. Bd5 a5 42. Bc4 a4 43. bxa4 Ka5 44. Be2 Bxe2 45. Kxe2 Kxa4 46. Kd2 Kb3
0-1

[Event "Politiken Cup 2008"]
[Site "Helsingør DEN"]
[Date "2008.07.22"]
[Round "6.88"]
[White "Jorgensen, Rasmus"]
[Black "Skov, Palle"]
[Result "1-0"]
[WhiteElo "2036"]
[BlackElo "1910"]
[PlyCount "77"]
[EventDate "2008.07.20"]
[EventType "swiss"]
[EventRounds "9"]
[EventCountry "DEN"]
[Source "lmi"]
[SourceDate "2008.07.20"]
[WhiteTeam "K41"]
[BlackTeam "Hillerød"]

1. e4 c5 2. b3 d6 3. Bb2 Nf6 4. Bb5+ Nbd7 5. Qe2 a6 6. Bxd7+ Bxd7 7. f4 e6 8.
Nf3 Be7 9. d3 Qc7 10. Nbd2 b5 11. O-O a5 12. Rad1 a4 13. c4 axb3 14. axb3 Ra2
15. Ba1 bxc4 16. bxc4 Qa5 17. e5 Nh5 18. Qe3 f5 19. Nb3 Qa8 20. d4 d5 21. Nxc5
Bxc5 22. dxc5 dxc4 23. Bc3 O-O 24. Ra1 Rxa1 25. Rxa1 Qe4 26. Bd2 Bc6 27. Qxe4
fxe4 28. Nd4 Rd8 29. Be3 Bd5 30. g4 Rc8 31. gxh5 Rxc5 32. Nxe6 Rc8 33. Nc5 Rb8
34. f5 Rb2 35. e6 c3 36. Rd1 c2 37. Rxd5 Rb1+ 38. Kf2 c1=Q 39. Rd8# 1-0

[Event "Politiken Cup 2008"]
[Site "Helsingør DEN"]
[Date "2008.07.22"]
[Round "6.90"]
[White "Lynge, Torben"]
[Black "Jensen, Soren Holm"]
[Result "0-1"]
[WhiteElo "1864"]
[BlackElo "2032"]
[PlyCount "206"]
[EventDate "2008.07.20"]
[EventType "swiss"]
[EventRounds "9"]
[EventCountry "DEN"]
[Source "lmi"]
[SourceDate "2008.07.20"]
[WhiteTeam "LVS"]
[BlackTeam "Brønshøj"]

1. d4 d5 2. Nf3 Nf6 3. Bf4 c5 4. c3 Qb6 5. Qc2 Nc6 6. dxc5 Qxc5 7. e3 e6 8. Bd3
Bd7 9. Nbd2 Rc8 10. a3 Be7 11. Rc1 Qb6 12. Qb3 Qxb3 13. Nxb3 a6 14. O-O Nh5 15.
Bg3 Nxg3 16. hxg3 O-O 17. Nbd4 Bf6 18. Rfd1 Rfd8 19. Bc2 Na5 20. Nd2 b5 21. b3
g6 22. b4 Nc4 23. Nxc4 Rxc4 24. Bb3 Rc7 25. Rd2 Rdc8 26. Rdc2 e5 27. Ne2 Bf5
28. Rd2 d4 29. exd4 exd4 30. Nxd4 Rxc3 31. Rxc3 Rxc3 32. Nxf5 gxf5 33. Bc2 Rxa3
34. Bxf5 Be7 35. Rb2 Ra1+ 36. Kh2 Ra4 37. Bc8 Kf8 38. Kh3 Ke8 39. Bf5 h6 40.
Bd3 Kd8 41. f4 Bxb4 42. Bc2 Bc3 43. Rb3 Rc4 44. Bd3 Rc6 45. Be4 Rc5 46. Bd3 Kc7
47. Bh7 a5 48. Bg8 f6 49. g4 b4 50. Kh4 a4 51. Rb1 Kd6 52. f5 b3 53. Bxb3 axb3
54. Rxb3 Bd2 55. g3 Ke5 56. Rb6 Ke4 57. Kh3 Bg5 58. Rb4+ Kd3 59. Rb8 Rc3 60.
Rb4 Ke3 61. Kg2 Rc2+ 62. Kh3 Kf2 63. Rb3 Be3 64. Kh4 Kg1 65. Kh5 Bg5 66. Kg6
Kf2 67. Rd3 Re2 68. Kh5 Re3 69. Rd2+ Kxg3 70. Rd1 Re2 71. Rd3+ Kf4 72. Rd4+ Ke5
73. Rd8 Rh2+ 74. Kg6 Rh4 75. Ra8 Rxg4 76. Ra5+ Kf4 77. Ra4+ Kg3 78. Ra3+ Kh4
79. Ra1 Rf4 80. Rh1+ Kg3 81. Rg1+ Kf2 82. Ra1 Rf3 83. Ra2+ Kg3 84. Ra4 Rf4 85.
Ra1 Rh4 86. Ra3+ Kf2 87. Ra2+ Ke3 88. Ra3+ Kd2 89. Ra2+ Kc3 90. Rg2 Kd4 91. Ra2
h5 92. Ra8 Rh1 93. Ra4+ Kc5 94. Ra2 h4 95. Re2 Rh3 96. Kh5 Kd4 97. Ra2 Rf3 98.
Kg6 Ke3 99. Ra3+ Kf4 100. Ra4+ Kg3 101. Ra2 h3 102. Ra1 h2 103. Re1 Kg2 0-1

[Event "Politiken Cup 2008"]
[Site "Helsingør DEN"]
[Date "2008.07.22"]
[Round "6.91"]
[White "Mejvik, Jacob"]
[Black "Lindgren, Philip"]
[Result "1/2-1/2"]
[WhiteElo "2015"]
[BlackElo "1876"]
[PlyCount "83"]
[EventDate "2008.07.20"]
[EventType "swiss"]
[EventRounds "9"]
[EventCountry "DEN"]
[Source "lmi"]
[SourceDate "2008.07.20"]
[WhiteTeam "LASK"]
[BlackTeam "Limhamn"]

1. e4 c5 2. Nf3 d6 3. d4 cxd4 4. Nxd4 Nf6 5. Nc3 g6 6. Be3 Bg7 7. f3 Nc6 8. Qd2
O-O 9. O-O-O d5 10. exd5 Nxd5 11. Nxc6 bxc6 12. Bd4 e5 13. Bc5 Re8 14. Bc4 Qa5
15. Ne4 Qxd2+ 16. Kxd2 Be6 17. Ke1 Nf4 18. Bxe6 Nxe6 19. Be3 f5 20. Nd6 Red8
21. Kf2 f4 22. Bc1 Nd4 23. Rxd4 exd4 24. Bxf4 Rd7 25. Re1 g5 26. Bg3 h6 27. Re6
c5 28. b3 Rf8 29. Ke2 Rf6 30. Re8+ Kh7 31. Ne4 Rc6 32. Kd3 Kg6 33. Kc4 Kf7 34.
Rb8 a6 35. Kd3 Kg6 36. h3 h5 37. a4 Bf6 38. Rg8+ Kf7 39. Ra8 Kg6 40. Rg8+ Kf7
41. Ra8 Kg6 42. Rg8+ 1/2-1/2

[Event "Politiken Cup 2008"]
[Site "Helsingør DEN"]
[Date "2008.07.22"]
[Round "6.92"]
[White "Svendsen, Peter"]
[Black "Salomonsen, Sixten"]
[Result "1-0"]
[WhiteElo "2014"]
[BlackElo "1868"]
[PlyCount "69"]
[EventDate "2008.07.20"]
[EventType "swiss"]
[EventRounds "9"]
[EventCountry "DEN"]
[Source "lmi"]
[SourceDate "2008.07.20"]
[WhiteTeam "Hillerød"]
[BlackTeam "HG Schack Helsingborg"]

1. d4 d5 2. c4 c6 3. Nf3 Nf6 4. Nc3 dxc4 5. a4 Bf5 6. e3 e6 7. Bxc4 Bb4 8. O-O
O-O 9. Qe2 Nbd7 10. Rd1 Ne4 11. Nxe4 Bxe4 12. Bd2 Be7 13. a5 a6 14. Bc3 Qc7 15.
Nd2 Bg6 16. e4 Nf6 17. f3 Rfd8 18. Nb3 Rac8 19. Rac1 h6 20. Bd2 Qb8 21. Be3 e5
22. dxe5 Qxe5 23. Bb6 Rxd1+ 24. Rxd1 Bd6 25. g3 Nd7 26. Bd4 Qe7 27. Qd2 Bc5 28.
Nxc5 Nxc5 29. Qb4 Rd8 30. Be2 Rxd4 31. Qxd4 Ne6 32. Qd6 Qg5 33. f4 Qc5+ 34.
Qxc5 Nxc5 35. f5 1-0

[Event "Politiken Cup 2008"]
[Site "Helsingør DEN"]
[Date "2008.07.22"]
[Round "6.93"]
[White "Meier, Lars"]
[Black "Hobber, Anders"]
[Result "1/2-1/2"]
[WhiteElo "1844"]
[BlackElo "2012"]
[PlyCount "42"]
[EventDate "2008.07.20"]
[EventType "swiss"]
[EventRounds "9"]
[EventCountry "DEN"]
[Source "lmi"]
[SourceDate "2008.07.20"]
[WhiteTeam "SK Grundau"]
[BlackTeam "Porsgrunn"]

1. e4 e6 2. d4 d5 3. exd5 exd5 4. Bd3 Nc6 5. c3 Bd6 6. Nf3 Nge7 7. Bg5 f6 8.
Bh4 Bg4 9. Nbd2 Qd7 10. Qc2 Bf5 11. Bg3 Qe6+ 12. Kd1 O-O 13. Re1 Qd7 14. Ke2
Rfe8 15. Kf1 Bxg3 16. hxg3 a6 17. Re2 Bxd3 18. Qxd3 Qf5 19. Qxf5 Nxf5 20. Rae1
Rxe2 21. Rxe2 Kf7 1/2-1/2

[Event "Politiken Cup 2008"]
[Site "Helsingør DEN"]
[Date "2008.07.22"]
[Round "6.94"]
[White "Klein, Gernot Dr"]
[Black "Sjol, Henrik"]
[Result "1-0"]
[WhiteElo "2011"]
[BlackElo "1860"]
[PlyCount "119"]
[EventDate "2008.07.20"]
[EventType "swiss"]
[EventRounds "9"]
[EventCountry "DEN"]
[Source "lmi"]
[SourceDate "2008.07.20"]
[WhiteTeam "Post Telekom Aachen"]
[BlackTeam "Akademisk"]

1. e4 c6 2. d4 d5 3. Nc3 dxe4 4. Nxe4 Bf5 5. Ng3 Bg6 6. h4 h6 7. Nf3 Nd7 8. h5
Bh7 9. Bd3 Bxd3 10. Qxd3 e6 11. Bf4 Qa5+ 12. Bd2 Qc7 13. O-O-O O-O-O 14. Ne4
Ngf6 15. g3 Nxe4 16. Qxe4 Nf6 17. Qe2 Bd6 18. Kb1 c5 19. c4 Rhe8 20. Bc3 cxd4
21. Nxd4 Bc5 22. Nb5 Qb6 23. b4 Bxb4 24. Bxb4 a6 25. Rxd8+ Rxd8 26. Qe1 axb5
27. Ba5 Rd1+ 28. Qxd1 Qxa5 29. cxb5 Qxb5+ 30. Kc1 Qc5+ 31. Qc2 Qxc2+ 32. Kxc2
Kc7 33. f3 Nd5 34. Kd3 Kd6 35. Rc1 Nf6 36. g4 Nd5 37. a3 b6 38. Rc8 Ke5 39. Rf8
Kf6 40. Rb8 g6 41. hxg6 fxg6 42. Ke4 Nc3+ 43. Kd3 Nd5 44. a4 Nb4+ 45. Kc4 Nd5
46. Kb5 h5 47. gxh5 gxh5 48. Kc4 Kf5 49. Kd4 Kf4 50. Rh8 Nf6 51. Rf8 Kg5 52.
Rb8 e5+ 53. Kd3 Nd7 54. Rg8+ Kf4 55. Ke2 Nc5 56. Rc8 Kg3 57. a5 h4 58. axb6 Nd7
59. Rg8+ Kh2 60. b7 1-0